| 000 | 00556nam a2200217 a 4500 | ||
|---|---|---|---|
| 999 |
_c8851 _d8851 |
||
| 001 | 8851 | ||
| 003 | BD-JhCC | ||
| 005 | 20200407134007.0 | ||
| 008 | 180305s1978 ii |||| ||| 001 0 eng d | ||
| 035 | _a(BD-JhCC)8851 | ||
| 040 |
_aBD-JhCC _dBD-JhCC |
||
| 041 | _aeng | ||
| 082 |
_a530.151 _bGUP 1978 |
||
| 100 | _aGupta, B D | ||
| 245 |
_aMathematical Physics / _cB D Gupta, |
||
| 260 |
_aNew Delhi : _bVikas Publishing House Pvt Ltd, _c1978 |
||
| 300 |
_a459 p. : _c20 cm. |
||
| 650 | _aMathtematical Physics | ||
| 942 |
_2ddc _cBK _02 |
||